Rivalidade Eterna - Quiz - Statistics

Estatísticas Gerais
  • Esse quiz foi jogado 8 vezes
  • A pontuação média é 16 de 33
Estatísticas das Respostas
Questão Resposta % Correto
"Eu tenho olhos em ti(...)" no tempo 19:28, quem é que diz isto? Not Cris
100%
"Vai á tua prima(...)" 26:08, quem é que diz isto? Not Cris
100%
Este personagem tem tendência a aziar com tudo e todos. Not Cris/BFF Cristi
100%
Este filme foi produzido, publicado e editado por? Ogoid & Cris (Team ZAX Inc.)
100%
"Anda cá, amorzinho" 29:06, quem é que diz isto? Pro-ferrenho
100%
Qual o personagem que tem a maior dificuldade a falar e a escrever? Pro-ferrenho
100%
Qual o personagem que está entre "os 20 e tal melhores da Europa"? (Não é percentagem) Pro-ferrenho
100%
Qual personagem começou a chorar em live por ter 9 pessoas a assistir a sua transmissão? Pro-ferrenho
100%
Que personagem costuma "tomar clap" em live, mentir sobre acertar "No Scope" e dizer que joga rótil/tótil? Pro-ferrenho
100%
"Parece que alguém levou eimess.. laser de em..sem eimessiste", quem diz isto? Pro-ferrenho
100%
Este personagem necessita de terapia da fala e deu clap basicamente em maior parte do filme. Pro-ferrenho/fort play
100%
Em uma cena, os personagens principais unem-se para erradicar um inimigo que destrui grande parte do "Mapa do esconde-esconde no bolit royal". Quem é? Danix
83%
Not Cris torna-se um "Robin" da vida real para este personagem. Danix
83%
Qual a funcionalidade que Ferrenho repugna e exibe-se de não utilizar? Aim Assist (Emassiste)
33%
Quando Ferrenho diz "Cais-te para um puto de 5 anos(...)" refere-se a quem? Alexy
33%
Este personagem, embora side character, deu um chocolate no Pro-ferrenho durante as suas batalhas no Fortnite, consegues adivinhar quem é? Batatolas
33%
Qual YouTuber Not Cris tenta impersonificar enquanto tenta falar de notícias? Cardoso News
33%
Qual é o termo mais utilizado pelos os personagens durante o filme? Mano
33%
Que animal Not Cris emite e repete os grunhidos durante o filme? Porco
33%
Data de lançamento do filme? 2021
17%
O filme "Rivalidade eterna" foi bloqueado em que países? Afeganistão Irão(Taremi)
17%
Pro-ferrenho ameaçou de contactar as autoridades para este side character, na qual a razão é "Violência Doméstica", quem será? Barril
17%
Que técnicas são utilizadas quando os personagens estão em perigo? Denúncia e Xau
17%
Este personagem recebe a sua punição 1 ano depois do evento de destruição do mapa do "bolit royal", qual foi a reação deste? Desinstalação do jogo
17%
Em uma certa parte do filme, Ferrenho e Not Cris desentendem-se, qual a razão? Falha na comunicação ou Mute
17%
O filme tem outra música de conclusão, a que programa televisivo pertence esta música? (Hint: Um dos programas favoritos de Not Cris) Naruto
17%
Que termo foi inventado por Pro-ferrenho durante o filme? Pessubs
17%
O filme tem uma música de conclusão, a que jogo pertence essa música? Rocket League
17%
Em que infraestrutura pública, segundo Not Cris, Pro-ferrenho foi avistado sem roupa a tentar ter atos sexuais? Centro Comercial/Shopping
0%
Que animal Not Cris ameaça Ferrenho de o tornar, caso este seja avistado no autocarro? Cobra/Serpente
0%
Em que cidade, segundo Not Cris, Pro-ferrenho foi detido por violação e ultrapassagem das regras de velocidade na estrada? Dubai
0%
Durante o filme, Ferrenho afirma que tem uma maneira diferente de praticar este ato no Not Cris,que ato se refere? Gozar
0%
Ferrenho afirma que é mais 'Wealthy' que Not Cris, adicionando ainda que este não tem dinheiro para pagar uma? Plus/PlayStation Plus
0%
Nenhum quiz correspondente encontrado
Distribuição das Pontuações
Porcentagem de Pessoas com Cada Pontuação
Percentil de Números Respondidos
Sua Pontuação Histórica
Você não jogou esse quiz